000 00660nam a22002057a 4500
003 0
005 20160609165258.0
008 100113t xxu||||| |||| 00| 0 eng d
037 _aM15455
_bBIBLIO
040 _aUAC
_bF
_cEPAC
082 _a26.ABM/ASS
100 _aGhislain S. K. ASSOGBA
_92811
245 _aTyplologie pelvienne en post -partum chez les césatisées à l'aide du materiel de colcher-sussman
260 _aEPAC
_bBIBLIO
_c2006-2007
300 _aI-101p
_c29cm
500 _aMEM ECOLE POLYTECHNIQUE D'ABOMEY CALAVI (UAC) 2007
650 _aCESATISEES COLCHER-SUSSMAN
_92812
700 _aBenoît Vidjennagni A. TCHEME
_92813
942 _cTHE
999 _c46722
_d46722